Statistics for No Vowels - Countries

Click here to take the quiz!

General Stats

  • This quiz has been taken 38 times
  • The average score is 15 of 15

Answer Stats

CountryAnswer% Correct
BrzlBrazil
100%
CndCanada
100%
ChlChile
100%
DnmrkDenmark
100%
Jpn
Japan
100%
gyptEgypt
100%
GrmnyGermany
100%
MxcMexico
100%
NrwyNorway
100%
PlndPoland
100%
SpnSpain
100%
ChnChina
97%
GrcGreece
97%
Sth KrSouth Korea
97%
Sth FrcSouth Africa
74%

Score Distribution

Percentile by Number Answered

Percent of People with Each Score

Your Score History

You have not taken this quiz